00331nam a2200109 a 450000500170000000800410001702000180005805000170007610000250009324500630011826000400018120140412111414.0070703s19uu xx 00 eng d a0-590-75803-9 aERbM66 1967 aBurton, Virginia Lee aMike mulligan and his steam shovel /cVirginia lee Burton. aOhio :bHoughton mifflin co,c1967.